000 00780nam a2200277 a 4500
005 20140311163003.0
008 021015s19uu xx 00 eng d
020 _a9814058084
020 _a9789814058087
050 _aRS 57
_b.Ol52 2002
100 _aOlsen, June Looby
245 _aMedical dosage calculations /
_cJune Looby Olsen.
250 _a7th ed.
260 _aSingapore :
_bPearson Education Asia Pte Ltd.,
_c2002.
300 _a358 p. :
_bill. ;
_c27 cm.
521 _aNUR
650 _aPharmaceutical arithmetic
650 _aPharmaceutical arithmetic
_xproblems, exercises, etc.
650 _aDrugs
_xadministration and dosage
942 _cBK
_2lcc
_kFOR
999 _c39239
_d39239